al-Qism al-khāṣṣ fī qānūn al-ʻuqūbāt : (Record no. 50545)
[ view plain ]
| 000 -LEADER | |
|---|---|
| fixed length control field | 00806cam a22002291a 4500 |
| 001 - CONTROL NUMBER | |
| control field | ne 68002525 |
| 003 - CONTROL NUMBER IDENTIFIER | |
| control field | DLC |
| 005 - DATE AND TIME OF LATEST TRANSACTION | |
| control field | 20260227111844.0 |
| 008 - FIXED-LENGTH DATA ELEMENTS--GENERAL INFORMATION | |
| fixed length control field | 850305s1968 ua 001 0 arar |
| 010 ## - LIBRARY OF CONGRESS CONTROL NUMBER | |
| LC control number | ne 68002525 |
| 035 ## - SYSTEM CONTROL NUMBER | |
| System control number | (OCoLC)11766292 |
| 040 ## - CATALOGING SOURCE | |
| Original cataloging agency | DLC |
| Transcribing agency | TxU-L |
| Modifying agency | TxU-L |
| -- | DLC |
| 042 ## - AUTHENTICATION CODE | |
| Authentication code | premarc |
| 050 00 - LIBRARY OF CONGRESS CALL NUMBER | |
| Classification number | KRM4048 |
| Item number | .S25 1968 |
| 100 1# - MAIN ENTRY--PERSONAL NAME | |
| Personal name | Sālim, ʻAbd al-Muhaymin Bakr. |
| 245 13 - TITLE STATEMENT | |
| Title | al-Qism al-khāṣṣ fī qānūn al-ʻuqūbāt : |
| Remainder of title | Jarāʼim al-iʻtidāʼ ʻalā al-ashkhāṣ wa-al-amwāl / |
| Statement of responsibility, etc. | ʻAbd al-Muhaymin Bakr. |
| 260 ## - PUBLICATION, DISTRIBUTION, ETC. | |
| Place of publication, distribution, etc. | al-Qāhirah : |
| Name of publisher, distributor, etc. | Dār al-Nahḍah al-ʻArabīyah, |
| Date of publication, distribution, etc. | 1968. |
| 300 ## - PHYSICAL DESCRIPTION | |
| Extent | 538 p. ; |
| Dimensions | 24 cm. |
| 504 ## - BIBLIOGRAPHY, ETC. NOTE | |
| Bibliography, etc. note | Includes bibliographical references and index. |
| 650 #0 - SUBJECT ADDED ENTRY--TOPICAL TERM | |
| Topical term or geographic name entry element | Offenses against the person |
| Geographic subdivision | Egypt. |
| 650 #0 - SUBJECT ADDED ENTRY--TOPICAL TERM | |
| Topical term or geographic name entry element | Offenses against property |
| Geographic subdivision | Egypt. |
No items available.